[Event "XI Festival A"]
[Site "Trieste ITA"]
[Date "2009.09.02"]
[Round "5"]
[White "Bevilacqua, Andrea"]
[Black "Mazi, Leon"]
[Result "1-0"]
[WhiteElo "2105"]
[BlackElo "2362"]
[PlyCount "103"]
[EventDate "2009.08.30"]

1. d4 Nf6 2. c4 d6 3. Nc3 e5 4. dxe5 dxe5 5. Qxd8+ Kxd8 6. Bg5 c6 7. Nf3 Nbd7
8. O-O-O Kc7 9. e3 Bb4 10. Nb1 Re8 11. Bh4 a5 12. Nbd2 a4 13. a3 Ba5 14. Ng5
Bxd2+ 15. Kxd2 Rf8 16. f3 h6 17. Nh3 g5 18. Bf2 Nc5 19. Bg3 Nfd7 20. e4 Ne6 21.
Nf2 Nd4 22. h4 f6 23. hxg5 hxg5 24. Rh7 Kd6 25. Ng4 Nc5 26. Ke1 Ncb3 27. Ne3 b6
28. Bd3 Be6 29. Bc2 Kc5 30. Bxb3 axb3 31. Bf2 Rh8 32. Rxh8 Rxh8 33. Kd2 Bxc4
34. Rc1 b5 35. a4 Kb4 36. axb5 Bxb5 37. Ng4 Nc2 38. Rd1 Rd8+ 39. Kc1 Nd4 40.
Bxd4 exd4 41. Nxf6 Bc4 42. e5 c5 43. Re1 Be6 44. Ne4 c4 45. Rd1 Rd5 46. Nxg5
Bf5 47. e6 Bc2 48. e7 Re5 49. Rxd4 Rxe7 50. Ne4 Rh7 51. Nc3 Ra7 52. Rd5 1-0

[Event "XI Festival A"]
[Site "Trieste ITA"]
[Date "2009.09.02"]
[Round "5"]
[White "Egartner, Wolfgang"]
[Black "Varini, Massimo"]
[Result "1/2-1/2"]
[WhiteElo "2153"]
[BlackElo "2084"]
[PlyCount "59"]
[EventDate "2009.08.30"]

1. d4 Nf6 2. Bg5 e6 3. Nd2 d5 4. e3 c5 5. c3 Nc6 6. Ngf3 cxd4 7. exd4 Be7 8.
Bd3 Bd7 9. Ne5 Nxe5 10. dxe5 Ng8 11. Be3 Qc7 12. O-O h5 13. f4 g6 14. c4 Bc5
15. Qe2 Ne7 16. Bxc5 Qxc5+ 17. Kh1 Bc6 18. cxd5 Nxd5 19. Ne4 Qe3 20. Nf6+ Kf8
21. Nxd5 Qxe2 22. Bxe2 Bxd5 23. Bf3 Bxf3 24. Rxf3 Ke7 25. h4 Rhd8 26. Rc1 Rac8
27. Rxc8 Rxc8 28. Kh2 Rc2 29. Rb3 Rc7 30. Kg3 1/2-1/2

[Event "XI Festival A"]
[Site "Trieste ITA"]
[Date "2009.09.02"]
[Round "5"]
[White "Fusari, Paolo"]
[Black "Laco, Giuseppe"]
[Result "1-0"]
[WhiteElo "1898"]
[BlackElo "2135"]
[PlyCount "89"]
[EventDate "2009.08.30"]

1. e4 c5 2. b4 cxb4 3. a3 e6 4. axb4 Bxb4 5. c3 Be7 6. d4 d6 7. Bd3 Nf6 8. Nf3
h6 9. O-O Nc6 10. Na3 a6 11. h3 Bd7 12. Re1 e5 13. d5 Na7 14. Be3 Qc7 15. Qb3
Nc8 16. Reb1 Rb8 17. Bxa6 Nxe4 18. Nb5 Qd8 19. Na7 O-O 20. Bxb7 Qc7 21. Nc6
Bxc6 22. dxc6 Nc5 23. Bxc5 dxc5 24. Qd5 Bd6 25. Rd1 Rd8 26. Rab1 Ne7 27. Qe4 g6
28. Nd2 f5 29. Qa4 e4 30. Nc4 Kg7 31. Nxd6 Rxd6 32. Rxd6 Qxd6 33. Rd1 Qe5 34.
Qc4 Kf6 35. Rd7 Nxc6 36. Rf7+ Kg5 37. h4+ Kxh4 38. g3+ Kh3 39. Qf1+ Kg4 40.
Bxc6 Qxc3 41. Bb5 Ra8 42. Be2+ Kg5 43. Qh3 Qc1+ 44. Kg2 h5 45. Bxh5 1-0

[Event "XI Festival A"]
[Site "Trieste ITA"]
[Date "2009.09.02"]
[Round "5"]
[White "Genocchio, Daniele"]
[Black "Piscopo, Pierluigi"]
[Result "1/2-1/2"]
[WhiteElo "2455"]
[BlackElo "2415"]
[PlyCount "81"]
[EventDate "2009.08.30"]

1. f4 d5 2. Nf3 g6 3. g3 c6 4. Bg2 Qb6 5. c3 a5 6. Qb3 Qxb3 7. axb3 Ra6 8. e3
Bf5 9. Bf1 Ra8 10. Nd4 Be4 11. Rg1 Bxb1 12. Rxb1 Na6 13. Ra1 Nc7 14. d3 e6 15.
e4 Ne7 16. Be3 c5 17. Nc2 Nc6 18. Bg2 d4 19. cxd4 cxd4 20. Nxd4 Bc5 21. Rc1
Bxd4 22. Bxd4 Nxd4 23. Rxc7 O-O 24. Kf2 Rab8 25. Ke3 Nxb3 26. d4 Rfc8 27. Rxc8+
Rxc8 28. Kd3 b5 29. d5 Rc4 30. Bf3 a4 31. Rd1 exd5 32. exd5 Kf8 33. d6 Ke8 34.
Bd5 Rd4+ 35. Ke2 Rxd1 36. Kxd1 Kd7 37. Bxf7 Nd4 38. Bg8 h6 39. Bh7 g5 40. fxg5
hxg5 41. h4 1/2-1/2

[Event "XI Festival A"]
[Site "Trieste ITA"]
[Date "2009.09.02"]
[Round "5"]
[White "Jacob, Volker"]
[Black "Tonel, Giulia"]
[Result "1-0"]
[WhiteElo "2257"]
[BlackElo "2004"]
[PlyCount "105"]
[EventDate "2009.08.30"]

1. d4 c5 2. d5 f5 3. g3 Nf6 4. Bg2 g6 5. b3 Bg7 6. Bb2 O-O 7. Nh3 d6 8. O-O Na6
9. c4 Nc7 10. Nd2 Rb8 11. a4 b6 12. Qc2 e6 13. dxe6 Nxe6 14. Rad1 Ng4 15. Bxg7
Kxg7 16. e3 Qf6 17. Nb1 Rd8 18. Nc3 Nc7 19. Nf4 Be6 20. Rd2 a6 21. Rfd1 Bf7 22.
Ncd5 Bxd5 23. Nxd5 Nxd5 24. Rxd5 Ne5 25. Qd2 b5 26. Qa5 bxc4 27. bxc4 Nxc4 28.
Qxa6 Rb4 29. a5 Qe7 30. Bf1 Nb2 31. R1d2 c4 32. Rxd6 Rxd6 33. Qxd6 Qxd6 34.
Rxd6 Ra4 35. a6 Kh6 36. Rc6 Ra3 37. Bxc4 Nxc4 38. Rxc4 Rxa6 39. h4 Kh5 40. Kg2
Ra2 41. Rf4 Rb2 42. Kh3 Re2 43. Kg2 Ra2 44. Kf3 Rb2 45. Rc4 Ra2 46. Rc7 h6 47.
Rf7 Ra5 48. Rf6 Rb5 49. Kg2 Ra5 50. f3 g5 51. Rxf5 Kg6 52. g4 gxh4 53. Kh3 1-0

[Event "XI Festival A"]
[Site "Trieste ITA"]
[Date "2009.09.02"]
[Round "5"]
[White "Kovchan, Alexander"]
[Black "Epishin, Vladimir V."]
[Result "1/2-1/2"]
[WhiteElo "2554"]
[BlackElo "2592"]
[PlyCount "27"]
[EventDate "2009.08.30"]

1. e4 d5 2. exd5 Qxd5 3. Nc3 Qd6 4. d4 Nf6 5. Nf3 c6 6. Ne5 Nbd7 7. Bf4 Nd5 8.
Nxd5 Qxd5 9. Nf3 Nf6 10. Be2 Bg4 11. O-O e6 12. h3 Bf5 13. Be5 Qd8 14. c4
1/2-1/2

[Event "XI Festival A"]
[Site "Trieste ITA"]
[Date "2009.09.02"]
[Round "5"]
[White "Kragelj, Igor"]
[Black "Dvirnyy, Danyyil"]
[Result "0-1"]
[WhiteElo "2232"]
[BlackElo "2440"]
[PlyCount "66"]
[EventDate "2009.08.30"]

1. d4 Nf6 2. c4 g6 3. Nc3 Bg7 4. e4 O-O 5. Nf3 d6 6. Be2 e5 7. Be3 exd4 8. Nxd4
Re8 9. f3 c6 10. Bf2 d5 11. exd5 cxd5 12. c5 Nc6 13. O-O Nh5 14. Qd2 Be6 15.
Rfd1 a6 16. Rac1 Be5 17. g3 Ng7 18. Nxe6 fxe6 19. f4 Bf6 20. Bg4 Qe7 21. a3
Rad8 22. b4 h5 23. Bh3 Qf7 24. Rc2 Nf5 25. Bxf5 exf5 26. Qd3 Bxc3 27. Rxc3 Re4
28. b5 axb5 29. Qxb5 h4 30. Rb3 Rd7 31. Rdb1 Rc4 32. Re1 d4 33. Rd3 Qd5 0-1

[Event "XI Festival A"]
[Site "Trieste ITA"]
[Date "2009.09.02"]
[Round "5"]
[White "Mikhalevski, Victor"]
[Black "Fedorchuk, Sergey A."]
[Result "1/2-1/2"]
[WhiteElo "2631"]
[BlackElo "2655"]
[PlyCount "98"]
[EventDate "2009.08.30"]

1. d4 Nf6 2. c4 e6 3. g3 Bb4+ 4. Bd2 a5 5. Bg2 O-O 6. Nf3 b6 7. Ne5 Ra7 8. O-O
Bxd2 9. Qxd2 d6 10. Nd3 Bb7 11. Nc3 Bxg2 12. Kxg2 c5 13. d5 exd5 14. cxd5 a4
15. b4 Na6 16. b5 Nc7 17. Nb2 Qe8 18. Qd3 Ng4 19. Nc4 Ne5 20. Nxe5 Qxe5 21.
Rad1 Ra5 22. Qc4 f5 23. Rd3 f4 24. Rfd1 Raa8 25. Rf3 fxg3 26. hxg3 Rxf3 27.
exf3 a3 28. f4 Qf5 29. Re1 Re8 30. Rxe8+ Nxe8 31. Qe4 Qxe4+ 32. Nxe4 Nf6 33.
Nxf6+ gxf6 34. Kf3 f5 35. Ke3 Kf7 36. Kd3 h5 37. Kc3 Ke7 38. Kb3 Kd7 39. Kxa3
Ke7 40. Kb3 Kd7 41. Kc4 Ke7 42. Kd3 Kd7 43. f3 Kd8 44. a4 Ke7 45. Kd2 Kd8 46.
Ke3 Kd7 47. Ke2 Ke7 48. Ke3 Kd7 49. Kf2 Kd8 1/2-1/2

[Event "XI Festival A"]
[Site "Trieste ITA"]
[Date "2009.09.02"]
[Round "5"]
[White "Mufic, Goran"]
[Black "Doric, Darko"]
[Result "1/2-1/2"]
[WhiteElo "2305"]
[BlackElo "2468"]
[PlyCount "21"]
[EventDate "2009.08.30"]

1. c4 g6 2. Nc3 Bg7 3. g3 Nf6 4. Bg2 O-O 5. e3 c6 6. Nge2 d5 7. cxd5 cxd5 8.
O-O Nc6 9. d4 b6 10. Bd2 e6 11. Rc1 1/2-1/2

[Event "XI Festival A"]
[Site "Trieste ITA"]
[Date "2009.09.02"]
[Round "5"]
[White "Pasquotto, Mirko"]
[Black "Pregarac, Valter"]
[Result "0-1"]
[WhiteElo "1922"]
[BlackElo "2098"]
[PlyCount "60"]
[EventDate "2009.08.30"]

1. d4 Nf6 2. c4 e6 3. Nf3 Bb4+ 4. Bd2 a5 5. a3 Bxd2+ 6. Qxd2 b6 7. e3 Ne4 8.
Qc2 f5 9. Bd3 Bb7 10. O-O O-O 11. Nbd2 Nxd2 12. Nxd2 Qg5 13. e4 f4 14. f3 Nc6
15. Qc3 e5 16. d5 Nd4 17. Nb3 Nxb3 18. Qxb3 a4 19. Qc2 Qe7 20. Rfb1 Qc5+ 21.
Qf2 Qxf2+ 22. Kxf2 Kf7 23. b4 axb3 24. Rxb3 Ra5 25. Rb5 Rfa8 26. c5 Rxa3 27.
Rxa3 Rxa3 28. Bc4 Rc3 29. Rb4 Rc2+ 30. Kf1 Rxc4 0-1

[Event "XI Festival A"]
[Site "Trieste ITA"]
[Date "2009.09.02"]
[Round "5"]
[White "Tonon, Alessandro"]
[Black "Milazzo, Mario"]
[Result "1-0"]
[WhiteElo "2248"]
[BlackElo "2068"]
[PlyCount "155"]
[EventDate "2009.08.30"]

1. d4 f5 2. Bg5 g6 3. Nd2 Bg7 4. e4 fxe4 5. Nxe4 d5 6. Nc5 Nf6 7. h4 b6 8. Nd3
Ne4 9. Nf3 Nc6 10. c3 Bf5 11. Be2 Nxg5 12. hxg5 Qd6 13. Qd2 O-O-O 14. O-O-O Kb8
15. Rh4 Bxd3 16. Bxd3 e5 17. dxe5 Nxe5 18. Nxe5 Bxe5 19. f4 Bg7 20. Rdh1 c5 21.
Rxh7 c4 22. Rxh8 Bxh8 23. Bxc4 d4 24. Kb1 Qc7 25. Rxh8 Rxh8 26. Qxd4 Rd8 27.
Bd5 Qd6 28. c4 b5 29. b3 bxc4 30. bxc4 Qb4+ 31. Qb2 Qxb2+ 32. Kxb2 Rf8 33. g3
Kc7 34. Kc3 a5 35. Be4 Rg8 36. Kd4 Rd8+ 37. Bd5 a4 38. c5 a3 39. Ke5 Rf8 40.
Be4 Re8+ 41. Kd4 Rd8+ 42. Kc3 Re8 43. Bxg6 Re3+ 44. Bd3 Rxg3 45. g6 Rg2 46. Bc2
Rg3+ 47. Kd4 Rg2 48. Be4 Rxa2 49. g7 Rd2+ 50. Ke3 a2 51. g8=Q a1=Q 52. Kxd2
Qd4+ 53. Bd3 Qxf4+ 54. Kc3 Qc1+ 55. Kd4 Qb2+ 56. Ke4 Qb4+ 57. Qc4 Qe1+ 58. Kd5
Qf2 59. Qe4 Qf7+ 60. Kd4 Qf2+ 61. Qe3 Qb2+ 62. Kd5 Qb7+ 63. Ke5 Qb4 64. Be4 Qb5
65. Qd4 Qe8+ 66. Kf4 Qf8+ 67. Ke3 Qh6+ 68. Kd3 Qh3+ 69. Kc4 Qf1+ 70. Kb4 Qe1+
71. Kb3 Qg3+ 72. Kc4 Qf4 73. Kb5 Qg3 74. Bd3 Qg5 75. Qd6+ Kc8 76. Qf8+ Kc7 77.
Qf7+ Kb8 78. Be4 1-0

[Event "XI Festival A"]
[Site "Trieste ITA"]
[Date "2009.09.02"]
[Round "5"]
[White "Tratar, Marko"]
[Black "Khenkin, Igor"]
[Result "1/2-1/2"]
[WhiteElo "2494"]
[BlackElo "2634"]
[PlyCount "26"]
[EventDate "2009.08.30"]

1. d4 Nf6 2. Nf3 d5 3. c4 e6 4. g3 dxc4 5. Bg2 c6 6. Ne5 Bb4+ 7. Bd2 Qxd4 8.
Bxb4 Qxe5 9. Na3 b5 10. Bc3 Qc5 11. Bd4 Qb4+ 12. Bc3 Qc5 13. Bd4 Qb4+ 1/2-1/2

[Event "XI Festival A"]
[Site "Trieste ITA"]
[Date "2009.09.02"]
[Round "5"]
[White "Vianello, Enrico"]
[Black "Judkovsky, Yair"]
[Result "0-1"]
[WhiteElo "2200"]
[BlackElo "2244"]
[PlyCount "82"]
[EventDate "2009.08.30"]

1. d4 g6 2. Nf3 Nf6 3. Bf4 Bg7 4. e3 O-O 5. Be2 d6 6. h3 Nbd7 7. O-O c5 8. Nbd2
b6 9. c3 Bb7 10. Bh2 Rc8 11. Bd3 a6 12. a4 cxd4 13. exd4 Re8 14. Qe2 Ra8 15.
Rfe1 Nf8 16. Rac1 Ne6 17. Bc4 Nd5 18. Qd1 Nef4 19. Qb3 e6 20. Bf1 Bh6 21. Rcd1
Rb8 22. Qa3 Nf6 23. c4 g5 24. a5 g4 25. hxg4 Nxg4 26. Bg3 f5 27. axb6 Kh8 28.
c5 Rg8 29. Qc3 Nd5 30. Qc2 Bf4 31. Bh4 Qd7 32. Nc4 Rg6 33. g3 Rbg8 34. Bg2 Nxf2
35. Kxf2 Bxg3+ 36. Bxg3 Rxg3 37. Rg1 Nf4 38. Ne3 Nxg2 39. Rxg2 Rxf3+ 40. Ke2
Qb5+ 41. Qd3 Rxg2+ 0-1

[Event "XI Festival A"]
[Site "Trieste ITA"]
[Date "2009.09.03"]
[Round "6"]
[White "Doric, Darko"]
[Black "Genocchio, Daniele"]
[Result "1-0"]
[WhiteElo "2468"]
[BlackElo "2455"]
[PlyCount "149"]
[EventDate "2009.08.30"]

1. d4 e6 2. e4 d5 3. Nc3 Bb4 4. e5 b6 5. a3 Bf8 6. Bb5+ Bd7 7. Bd3 c5 8. f4 Nc6
9. Nf3 Nh6 10. O-O Nxd4 11. Nxd4 cxd4 12. Ne2 Ng4 13. Nxd4 Qh4 14. h3 Nxe5 15.
Nxe6 fxe6 16. fxe5 Bc5+ 17. Kh2 Bf2 18. Qe2 O-O 19. Bd2 Rf7 20. Kh1 Raf8 21.
Bb4 Rf3 22. Rxf2 Rxf2 23. Qg4 Qxg4 24. hxg4 Rc8 25. Kh2 a5 26. Kg3 Rf7 27. Bd6
Ra8 28. g5 g6 29. Rd1 Kg7 30. Be2 Rc8 31. c3 Ba4 32. Rd2 Bb3 33. Bf3 Ra8 34.
Bg4 Re8 35. Bf3 Bc4 36. Rd1 Ba2 37. Kg4 Rc8 38. Kg3 Re8 39. Kg4 Rc8 40. Kg3 Re8
41. Kg4 Kg8 42. Kh3 Bc4 43. Rd2 Rf5 44. Kh4 Rf7 45. Kg3 Ra8 46. Rd4 Rf5 47. Kh4
Kf7 48. Rd2 Rc8 49. Bg4 Rf1 50. Kg3 Rc6 51. Rd4 Rc8 52. Bf3 Bb3 53. Rf4+ Kg7
54. Rf6 Rxf3+ 55. gxf3 Re8 56. Bc7 a4 57. Bxb6 Bc2 58. Rf4 Rf8 59. Rb4 Bd1 60.
f4 Rb8 61. Kf2 Kf7 62. Bc5 Rxb4 63. cxb4 Ke8 64. b5 Kd7 65. Ke1 Bb3 66. Kd2 Bc4
67. b6 Kc6 68. Kc3 Ba6 69. Kb4 Bd3 70. Kxa4 Kb7 71. Ka5 Bc4 72. b4 Bb3 73. b5
Bd1 74. a4 Be2 75. Kb4 1-0

[Event "XI Festival A"]
[Site "Trieste ITA"]
[Date "2009.09.03"]
[Round "6"]
[White "Dvirnyy, Danyyil"]
[Black "Baklan, Vladimir"]
[Result "0-1"]
[WhiteElo "2440"]
[BlackElo "2639"]
[PlyCount "90"]
[EventDate "2009.08.30"]

1. e4 c5 2. Nf3 a6 3. c3 d6 4. d4 Qc7 5. h3 g6 6. Bd3 Bg7 7. Be3 Nf6 8. O-O O-O
9. Nbd2 Nbd7 10. a4 b6 11. b4 Bb7 12. a5 b5 13. Rc1 c4 14. Bb1 Rae8 15. Re1 e5
16. dxe5 dxe5 17. g4 Qc8 18. Kh2 Rd8 19. Nh4 Rfe8 20. Qf3 Nf8 21. Nf1 h5 22. g5
N6h7 23. Qg3 Ne6 24. Ng2 Rf8 25. Rcd1 Rxd1 26. Rxd1 Rd8 27. Re1 Bf8 28. Nd2 Bd6
29. Nf3 Qb8 30. Bb6 Rd7 31. Rd1 Nhf8 32. Ng1 Be7 33. Rxd7 Nxd7 34. Be3 Qd6 35.
Bc2 Nb8 36. Nf3 Nc6 37. Kg1 Qd8 38. h4 Bxb4 39. cxb4 Nxb4 40. Bb6 Qd6 41. Nfe1
Nxc2 42. Nxc2 Bxe4 43. Nce3 c3 44. f3 c2 45. Qe1 Bxf3 0-1

[Event "XI Festival A"]
[Site "Trieste ITA"]
[Date "2009.09.03"]
[Round "6"]
[White "Epishin, Vladimir V."]
[Black "Tratar, Marko"]
[Result "1/2-1/2"]
[WhiteElo "2592"]
[BlackElo "2494"]
[PlyCount "176"]
[EventDate "2009.08.30"]

1. d4 Nf6 2. Nf3 e6 3. c4 Nc6 4. g3 Bb4+ 5. Bd2 Qe7 6. Nc3 Bxc3 7. Bxc3 Ne4 8.
Rc1 O-O 9. Bg2 a5 10. O-O Nxc3 11. Rxc3 d6 12. d5 Nb4 13. a3 Na6 14. dxe6 fxe6
15. Nd2 c6 16. Re3 Nc5 17. b4 axb4 18. axb4 Na4 19. Nb3 Qc7 20. c5 Rd8 21. cxd6
Rxd6 22. Qc2 Nb6 23. Nc5 Nd5 24. Rb3 Rd8 25. Rc1 h6 26. Qb2 b6 27. Nd3 Bd7 28.
Ne5 Rac8 29. Bh3 Re8 30. Rd3 Nf6 31. Rcd1 Rcd8 32. b5 cxb5 33. Nxd7 Rxd7 34.
Rxd7 Nxd7 35. Qxb5 Nf6 36. Rb1 Nd7 37. Bg2 Rb8 38. Be4 Nf8 39. Rb4 Qd6 40. e3
Qd1+ 41. Kg2 Qd6 42. Rc4 Qd7 43. Rc6 Qd8 44. h4 Kh8 45. h5 Kg8 46. Qe5 Rc8 47.
Rd6 Qc7 48. Qd4 Qc5 49. Qd1 b5 50. g4 b4 51. Rd4 Rb8 52. Qb3 Qe7 53. Rc4 Qg5
54. Bf3 Qe7 55. Re4 Qd6 56. Rd4 Qe7 57. Be2 Qb7+ 58. f3 Qe7 59. Bc4 Kh8 60. Qd3
Qh4 61. Qe4 Rd8 62. Bb3 Rxd4 63. exd4 Qg5 64. Qe1 Qe7 65. d5 e5 66. Qc1 e4 67.
f4 e3 68. Kf3 e2 69. Qe1 Nd7 70. Qxe2 Qxe2+ 71. Kxe2 Kg8 72. Kd3 Kf8 73. d6 Nf6
74. Be6 b3 75. Bxb3 Nxg4 76. Ba4 Nf6 77. Kd4 Nxh5 78. Ke5 Kf7 79. Bb3+ Ke8 80.
Bd1 Nf6 81. Ke6 h5 82. Ba4+ Kd8 83. Bc6 h4 84. Kf5 h3 85. Kg6 h2 86. Kxg7 Nh5+
87. Kg6 Nxf4+ 88. Kf5 Nd3 1/2-1/2

[Event "XI Festival A"]
[Site "Trieste ITA"]
[Date "2009.09.03"]
[Round "6"]
[White "Fedorchuk, Sergey A."]
[Black "Kovchan, Alexander"]
[Result "1/2-1/2"]
[WhiteElo "2655"]
[BlackElo "2554"]
[PlyCount "25"]
[EventDate "2009.08.30"]

1. e4 c6 2. d4 d5 3. Nd2 dxe4 4. Nxe4 Bf5 5. Ng3 Bg6 6. h4 h6 7. Nf3 Nd7 8. h5
Bh7 9. Bd3 Bxd3 10. Qxd3 e6 11. Bd2 Ngf6 12. O-O-O Be7 13. Rhe1 1/2-1/2

[Event "XI Festival A"]
[Site "Trieste ITA"]
[Date "2009.09.03"]
[Round "6"]
[White "Jacob, Volker"]
[Black "Bevilacqua, Andrea"]
[Result "1/2-1/2"]
[WhiteElo "2257"]
[BlackElo "2105"]
[PlyCount "75"]
[EventDate "2009.08.30"]

1. d4 d5 2. c4 e6 3. Nc3 Nf6 4. cxd5 exd5 5. Bg5 c6 6. e3 h6 7. Bh4 Be7 8. Bd3
O-O 9. Qc2 Re8 10. Nge2 Ne4 11. Bxe7 Qxe7 12. O-O Nd7 13. Rae1 Ndf6 14. f3 Nxc3
15. Nxc3 c5 16. Qf2 cxd4 17. exd4 Qd8 18. Re5 Bd7 19. Rfe1 Qb6 20. g4 Bc6 21.
h4 Rxe5 22. Rxe5 Re8 23. Rxe8+ Nxe8 24. g5 hxg5 25. hxg5 g6 26. Bf1 Ng7 27. Bh3
Qc7 28. Qh2 Qxh2+ 29. Kxh2 Kf8 30. Bg4 Ke7 31. Kg3 Ne8 32. Kf4 Kd6 33. Ke3 Nc7
34. Bh3 Bd7 35. Bf1 Ne6 36. f4 Nc7 37. Bg2 Bf5 38. Bf3 1/2-1/2

[Event "XI Festival A"]
[Site "Trieste ITA"]
[Date "2009.09.03"]
[Round "6"]
[White "Khenkin, Igor"]
[Black "Tonon, Alessandro"]
[Result "1/2-1/2"]
[WhiteElo "2634"]
[BlackElo "2248"]
[PlyCount "94"]
[EventDate "2009.08.30"]

1. d4 Nf6 2. c4 e6 3. Nc3 Bb4 4. f3 d5 5. a3 Bxc3+ 6. bxc3 c5 7. cxd5 Nxd5 8.
dxc5 f5 9. Qc2 Nd7 10. e4 fxe4 11. fxe4 N5f6 12. Nf3 Qa5 13. e5 Ng4 14. Qb3 O-O
15. Qb4 Qxc5 16. Qxc5 Nxc5 17. Bc4 Rf5 18. O-O Nxe5 19. Nxe5 Rxe5 20. Bf4 Re4
21. Bd6 Bd7 22. Ba2 b6 23. Bxc5 bxc5 24. Rad1 Bb5 25. Rfe1 Rxe1+ 26. Rxe1 Kf8
27. Bxe6 Re8 28. Kf2 a6 29. g4 Rd8 30. c4 Bd7 31. Bd5 Bxg4 32. Kg3 Bf5 33. Rf1
g6 34. Be4 Kg7 35. Bxf5 gxf5 36. Rxf5 Rd3+ 37. Kg4 Rd4+ 38. Rf4 Rxf4+ 39. Kxf4
Kf6 40. Ke4 Ke6 41. Kf4 Kf6 42. h3 h6 43. Ke4 Ke6 44. a4 a5 45. Kf4 Kf6 46. h4
h5 47. Ke4 Ke6 1/2-1/2

[Event "XI Festival A"]
[Site "Trieste ITA"]
[Date "2009.09.03"]
[Round "6"]
[White "Laco, Giuseppe"]
[Black "Pasquotto, Mirko"]
[Result "1/2-1/2"]
[WhiteElo "2135"]
[BlackElo "1922"]
[PlyCount "160"]
[EventDate "2009.08.30"]

1. c4 Nf6 2. Nc3 g6 3. e4 d6 4. d4 Bg7 5. f3 O-O 6. Be3 c5 7. d5 e6 8. Qd2 Re8
9. dxe6 Bxe6 10. O-O-O Na6 11. a3 Qa5 12. Nb5 Qxd2+ 13. Bxd2 Red8 14. Bg5 h6
15. Bh4 g5 16. Bg3 Ne8 17. Nxd6 Nac7 18. Be2 b6 19. h4 Nxd6 20. Rxd6 Ne8 21.
Rxd8 Rxd8 22. hxg5 hxg5 23. Nh3 Bd4 24. Rd1 f6 25. Kc2 Nd6 26. b3 Nf7 27. Be1
a5 28. a4 Ne5 29. Nf2 Kf7 30. Nd3 Nc6 31. Bg3 Rd7 32. Rh1 Kg7 33. f4 Be3 34. f5
Bf7 35. Bf3 Nd4+ 36. Kc3 Nxb3 37. e5 Bd2+ 38. Kxb3 Rxd3+ 39. Kc2 Bxc4 40. e6
Bb4 41. Be1 Re3 42. Bd2 Bb3+ 43. Kc1 Bxd2+ 44. Kxd2 Re5 45. Bc6 Bd5 46. Bd7
Bxg2 47. Rb1 Bh3 48. Rxb6 Bxf5 49. Bc8 Kg6 50. Ra6 c4 51. Kc3 g4 52. Kxc4 g3
53. Rd6 Kg5 54. Bb7 Bxe6+ 55. Kd4 Bh3 56. Rd8 Kh4 57. Rh8+ Rh5 58. Rg8 Bf1 59.
Bf3 Rh6 60. Ke3 Kh3 61. Ra8 Bg2 62. Rf8 Kh2 63. Rg8 Rh4 64. Rg6 f5 65. Rg5 f4+
66. Ke4 Bxf3+ 67. Kxf3 Rh3 68. Rg8 g2+ 69. Kf2 Rg3 70. Rh8+ Rh3 71. Rg8 g1=Q+
72. Rxg1 Ra3 73. Rg4 Ra2+ 74. Kf3 Rxa4 75. Rg5 Kh1 76. Kf2 Ra2+ 77. Kf3 Ra4 78.
Kf2 Ra2+ 79. Kf3 Ra1 80. Kf2 Ra2+ 1/2-1/2

[Event "XI Festival A"]
[Site "Trieste ITA"]
[Date "2009.09.03"]
[Round "6"]
[White "Lenic, Luka"]
[Black "Mikhalevski, Victor"]
[Result "1/2-1/2"]
[WhiteElo "2565"]
[BlackElo "2631"]
[PlyCount "37"]
[EventDate "2009.08.30"]

1. d4 Nf6 2. c4 g6 3. Nc3 d5 4. Nf3 Bg7 5. Bg5 Ne4 6. Bh4 Nxc3 7. bxc3 dxc4 8.
Qa4+ Nd7 9. e3 O-O 10. Qxc4 Nb6 11. Qc5 Re8 12. Bg3 c6 13. Be2 Bg4 14. h3 Bxf3
15. Bxf3 e5 16. O-O Bf8 17. Qa5 Bd6 18. Rab1 Qe7 19. Rfd1 1/2-1/2

[Event "XI Festival A"]
[Site "Trieste ITA"]
[Date "2009.09.03"]
[Round "6"]
[White "Milazzo, Mario"]
[Black "Fusari, Paolo"]
[Result "1-0"]
[WhiteElo "2068"]
[BlackElo "1898"]
[PlyCount "143"]
[EventDate "2009.08.30"]

1. c4 e5 2. Nc3 Nf6 3. g3 c6 4. Bg2 Be7 5. e4 O-O 6. Nge2 d6 7. O-O Be6 8. b3
Qc8 9. d4 Bh3 10. Ba3 exd4 11. Nxd4 Rd8 12. Qe2 Bxg2 13. Kxg2 Bf8 14. Rad1 Re8
15. Qc2 Qg4 16. f3 Qg6 17. Nf5 d5 18. Bxf8 Kxf8 19. cxd5 cxd5 20. Nxd5 Nxd5 21.
Rxd5 Nc6 22. Rd6 f6 23. Rd7 Rac8 24. Qc5+ Ne7 25. Nxe7 Rxc5 26. Nxg6+ hxg6 27.
Rxb7 a5 28. Rd7 Rec8 29. Rfd1 Rc2+ 30. R7d2 Ke7 31. Kf2 Ke6 32. Ke2 R2c3 33.
Rd6+ Kf7 34. R1d3 Rc2+ 35. Rd2 R2c3 36. R6d5 a4 37. Rd7+ Ke6 38. bxa4 Ra3 39.
f4 Rc6 40. Rxg7 Rxa4 41. e5 Kf5 42. exf6 Kxf6 43. Rgd7 Ke6 44. R7d4 Ra7 45. Kf3
Rca6 46. Re2+ Kf5 47. Rd5+ Kf6 48. Rdd2 Kf5 49. g4+ Kf6 50. g5+ Kf7 51. h4 Ra3+
52. Kg4 Rc7 53. h5 gxh5+ 54. Kxh5 Rh3+ 55. Kg4 Ra3 56. Rb2 Ra4 57. Rec2 Rd7 58.
Rc6 Kg7 59. Rcb6 Rf7 60. R6b4 Raa7 61. a4 Ra5 62. Rc4 Rfa7 63. Rbb4 R5a6 64.
Kh5 Ra5 65. Rb5 Rxa4 66. Rxa4 Rxa4 67. Rb7+ Kg8 68. f5 Ra5 69. Kg6 Ra6+ 70. f6
Ra8 71. Rg7+ Kh8 72. Rh7+ 1-0

[Event "XI Festival A"]
[Site "Trieste ITA"]
[Date "2009.09.03"]
[Round "6"]
[White "Piscopo, Pierluigi"]
[Black "Mufic, Goran"]
[Result "1/2-1/2"]
[WhiteElo "2415"]
[BlackElo "2305"]
[PlyCount "93"]
[EventDate "2009.08.30"]

1. e4 c5 2. Nf3 Nc6 3. d4 cxd4 4. Nxd4 g6 5. Nc3 Bg7 6. Be3 Nf6 7. Bc4 Qa5 8.
O-O O-O 9. Bb3 d6 10. h3 Bd7 11. f4 Nxd4 12. Bxd4 Bc6 13. Qd3 Rad8 14. Nd5 Nxd5
15. exd5 Bd7 16. Bxg7 Kxg7 17. Qd4+ Kg8 18. Rae1 Rfe8 19. Kh2 Qc5 20. Qd2 a5
21. a3 e6 22. Re3 exd5 23. Rc3 Qb5 24. Rf2 Bf5 25. Qd4 Rc8 26. a4 Qb4 27. Qxb4
axb4 28. Rxc8 Rxc8 29. Bxd5 Bxc2 30. a5 Rc7 31. Bxb7 Rxb7 32. Rxc2 Ra7 33. Rc4
Rxa5 34. Rxb4 Rd5 35. Kg3 Rd2 36. Kf3 h5 37. Rb8+ Kg7 38. b4 Kf6 39. g4 Rd3+
40. Kg2 h4 41. Rh8 Ra3 42. Kh2 Rb3 43. Rxh4 Rxb4 44. f5 Rb2+ 45. Kg3 Rb3+ 46.
Kg2 gxf5 47. Rh6+ 1/2-1/2

[Event "XI Festival A"]
[Site "Trieste ITA"]
[Date "2009.09.03"]
[Round "6"]
[White "Pregarac, Valter"]
[Black "Suc, Timothy"]
[Result "1-0"]
[WhiteElo "2098"]
[BlackElo "1991"]
[PlyCount "115"]
[EventDate "2009.08.30"]

1. d4 f5 2. c4 Nf6 3. g3 e6 4. Bg2 d5 5. Nh3 c6 6. O-O Bd6 7. Bf4 O-O 8. Nd2 b6
9. Qc2 Bb7 10. Rfc1 Na6 11. a3 Ne4 12. Nxe4 fxe4 13. b4 Rc8 14. Bxd6 Qxd6 15.
c5 Qe7 16. Qc3 Nc7 17. f3 Rce8 18. fxe4 dxe4 19. Bxe4 Nd5 20. Qd3 h6 21. Bg2 e5
22. e4 Nf6 23. Qc4+ Kh8 24. d5 Ng4 25. d6 Qd7 26. Qd3 Qe6 27. Rf1 Bc8 28. Nf2
Nxf2 29. Rxf2 Rxf2 30. Kxf2 a5 31. Kg1 Bd7 32. Qc3 axb4 33. axb4 bxc5 34. bxc5
Rb8 35. Bf1 Rb3 36. Ra8+ Kh7 37. Qc2 Rb4 38. Qc3 Rd4 39. Qf3 Rd2 40. Qc3 Rd4
41. Rf8 Qg6 42. Bg2 Rd1+ 43. Rf1 Rd4 44. Qc2 Qg5 45. Qf2 Rd2 46. h4 Rxf2 47.
hxg5 Rxf1+ 48. Kxf1 Kg6 49. gxh6 gxh6 50. Ke2 Kf7 51. Kd3 Ke8 52. Kc3 Kd8 53.
Kb4 Kc8 54. Ka5 Kb7 55. Bf3 Ka7 56. Bh5 Kb7 57. Bg6 Ka7 58. Bf5 1-0

[Event "XI Festival A"]
[Site "Trieste ITA"]
[Date "2009.09.03"]
[Round "6"]
[White "Tonel, Giulia"]
[Black "Mazi, Leon"]
[Result "0-1"]
[WhiteElo "2004"]
[BlackElo "2362"]
[PlyCount "104"]
[EventDate "2009.08.30"]

1. e4 c5 2. Nf3 a6 3. c3 d6 4. d4 Nd7 5. Bd3 e5 6. O-O Be7 7. Nbd2 Ngf6 8. Nc4
Qc7 9. Ne3 O-O 10. Nf5 Re8 11. d5 Bd8 12. Bc2 b5 13. Ng5 Nf8 14. Qf3 Ng6 15. g4
h6 16. Nh3 Nh7 17. Qg3 Ng5 18. f4 Nxh3+ 19. Qxh3 exf4 20. e5 Rxe5 21. Rxf4 Bg5
22. Rf1 Bxc1 23. Raxc1 Bb7 24. Rcd1 Rae8 25. Qf3 c4 26. Rd4 Nh8 27. Rfd1 Qd8
28. R1d2 Re1+ 29. Kf2 Bc8 30. Be4 Ra1 31. Kg2 Ng6 32. Qg3 Ne5 33. a3 Bxf5 34.
Bxf5 g6 35. Bc2 Kg7 36. Rf2 a5 37. Re4 Qe7 38. Qf4 Rb8 39. Qe3 Rb7 40. h3 b4
41. axb4 axb4 42. cxb4 Qg5 43. Qc3 Qc1 44. Rxe5 Qg1+ 45. Kf3 dxe5 46. Qxe5+ f6
47. Qg3 Qh1+ 48. Qg2 Qe1 49. Rd2 Re7 50. Re2 Rxe2 51. Qxe2 Qh1+ 52. Qg2 Rf1+
0-1